000 00365nam a2200169Ia 4500
003 IT-RoPAU
008 120407s9999 xx 000 0 und d
040 _aIT-RoPAU
040 _cIT-RoPAU
100 _aCharles Muller
245 _aCaminando hacia la Pascua
250 _aMadrid
260 _aEdiciones Paulinas
300 _c cm
490 _v1
942 _cBK
999 _c2999
_d2999